Economic efficiency of ecological system of chicken husbandry in chhoer kach commune, bar phnom district, prey veng province (ប្រសិទ្ធភាពនៃការចិញ្ចឺមមាន់ជាលក្ខណោះគ្រួសារតាមគោការណ៏ធម្មជាតិនៅឃុំឈើកាច់ស្រុកបាភ្នំខេត្តព្រៃវែង) (Record no. 1913)

000 -LEADER
fixed length control field 00777nam a22001577a 4500
003 - CONTROL NUMBER IDENTIFIER
control field OSt
005 - DATE AND TIME OF LATEST TRANSACTION
control field 20151005100837.0
008 - FIXED-LENGTH DATA ELEMENTS--GENERAL INFORMATION
fixed length control field 151005b xxu||||| |||| 00| 0 eng d
040 ## - CATALOGING SOURCE
Transcribing agency RUA
082 ## - DEWEY DECIMAL CLASSIFICATION NUMBER
Classification number AVM CHH 2002 B073 Or.1
100 ## - MAIN ENTRY--PERSONAL NAME
9 (RLIN) 2024
Personal name CHHUN, VANDY.
245 ## - TITLE STATEMENT
Title Economic efficiency of ecological system of chicken husbandry in chhoer kach commune, bar phnom district, prey veng province (ប្រសិទ្ធភាពនៃការចិញ្ចឺមមាន់ជាលក្ខណោះគ្រួសារតាមគោការណ៏ធម្មជាតិនៅឃុំឈើកាច់ស្រុកបាភ្នំខេត្តព្រៃវែង)
260 ## - PUBLICATION, DISTRIBUTION, ETC. (IMPRINT)
Place of publication, distribution, etc. Phnom Penh
Name of publisher, distributor, etc. RUA
Date of publication, distribution, etc. 2002
300 ## - PHYSICAL DESCRIPTION
Extent vii,48p.
Other physical details ill.
Dimensions 29cm.
942 ## - ADDED ENTRY ELEMENTS (KOHA)
Source of classification or shelving scheme
Koha item type AVM
Holdings
Price effective from Date last seen Permanent Location Not for loan Date acquired Source of classification or shelving scheme Koha item type Lost status Withdrawn status Date last checked out Total Checkouts Shelving location Damaged status Barcode Current Location Full call number
2015-10-052015-10-05Library Block B 2015-10-05 AVM    B073 RUA017289Library Block BAVM CHH 2002 B073 Or.1
2015-10-052015-10-05Library Block B 2015-10-05 AVM    B073 RUA017200Library Block BAVM CHH 2002 B073 Or.2
2015-10-052024-05-20Library Block B 2015-10-05 AVM  2024-05-072B073 RUA017290Library Block BAVM CHH 2002 B073 Or.3
មជ្ឈមណ្ឌលឯការនៃសាកលវិទ្យាល័យភូមិន្ទកសិកម្មចំការដូង

Powered by Koha